| Tag |
First Indicator |
Second Indicator |
Subfields |
| LEADER |
00000pam a2200000 i 4500 |
| 001 |
in00000046292 |
| 005 |
20151007071308.0 |
| 008 |
790907s1980 ilua b 00110 eng |
| 010 |
|
|
|a 79021579
|
| 020 |
|
|
|a 0673151514 :
|c $15.95
|
| 035 |
|
|
|a (OCoLC)05447707
|
| 035 |
|
|
|9 AAE5695AM
|
| 040 |
|
|
|a DLC
|c DLC
|d TXA
|d UtOrBLW
|
| 049 |
|
|
|a TXAM
|c [1160309]
|
| 050 |
0 |
0 |
|a RC454
|b .L32
|
| 060 |
|
0 |
|a WM100.3 L183m
|
| 082 |
0 |
|
|a 157
|
| 100 |
1 |
|
|a Lahey, Benjamin B.
|
| 245 |
1 |
0 |
|a Maladaptive behavior :
|b an introduction to abnormal psychology /
|c Benjamin B. Lahey, Anthony R. Ciminero.
|
| 264 |
|
1 |
|a Glenview, Ill. :
|b Scott, Foresman,
|c [1980]
|
| 264 |
|
4 |
|c ©1980
|
| 300 |
|
|
|a 668 pages :
|b illustrations ;
|c 24 cm.
|
| 336 |
|
|
|a text
|b txt
|2 rdacontent
|
| 337 |
|
|
|a unmediated
|b n
|2 rdamedia
|
| 338 |
|
|
|a volume
|b nc
|2 rdacarrier
|
| 500 |
|
|
|a Includes indexes.
|
| 504 |
|
|
|a Bibliography: pages [610]-645.
|
| 650 |
|
0 |
|a Psychology, Pathological.
|
| 650 |
|
2 |
|a Psychopathology.
|
| 650 |
|
2 |
|a Social Behavior Disorders.
|
| 700 |
1 |
|
|a Ciminero, Anthony R.
|
| 999 |
|
|
|a MARS
|
| 999 |
f |
f |
|s 494d3e64-047c-348f-8edb-bb6d6413d0f6
|i 0a27c67e-02df-3805-891b-61be6319f966
|t 0
|
| 952 |
f |
f |
|p ric
|a Texas A&M University
|b Rellis Campus
|c Joint Library Facility
|d Remote Storage
|t 0
|e RC454 .L32
|h Library of Congress classification
|i unmediated -- volume
|m A14805104602
|
| 998 |
f |
f |
|a RC454 .L32
|t 0
|l Remote Storage
|